[Event "Hillerod op"]
[Site "Hillerod"]
[Date "2015.09.26"]
[Round "4"]
[White "Pedersen, Christopher RNH"]
[Black "Lavrsen, Frands Winther"]
[Result "1-0"]
[WhiteElo "2038"]
[BlackElo "1784"]
[PlyCount "59"]
[EventDate "2015.09.08"]
[EventType "swiss"]
[EventRounds "7"]
[EventCountry "DEN"]
[SourceTitle "EXT 2024"]
[Source "ChessBase"]
[SourceDate "2023.10.10"]
[SourceVersion "1"]
[SourceVersionDate "2023.10.10"]
[SourceQuality "1"]

1. e4 c6 2. d4 d5 3. f3 dxe4 4. fxe4 Nf6 5. Nc3 Bg4 6. Be2 Bxe2 7. Ngxe2 e6 8. Bg5 Be7 9. a4 Ng4 10. Bf4 g5 11. Bc1 h6 12. Ng3 Nf6 13. 0-0 Nbd7 14. e5 Ng8 15. Nh5 Rh7 16. Qd3 Nf8 17. b4 f5 18. Qc4 Qd7 19. Be3 f4 20. Bf2 Bd8 21. Ne4 Be7 22. Qe2 Rf7 23. c4 Nh7 24. c5 Bf8 25. Nd6+ Bxd6 26. cxd6 Rf5 27. g4 fxg3 28. Bxg3 Qf7 29. Rxf5 Qxf5 30. Ng7+ 1-0

[Event "Hillerod Nordea Cup A"]
[Site "Hillerod"]
[Date "2014.04.29"]
[Round "6"]
[White "Pedersen, Christopher RNH"]
[Black "Petersen, Peter Birk"]
[Result "0-1"]
[WhiteElo "2059"]
[BlackElo "2126"]
[PlyCount "60"]
[EventDate "2014.04.29"]
[EventType "tourn"]
[EventRounds "7"]
[EventCountry "DEN"]
[SourceTitle "EXT 2024"]
[Source "ChessBase"]
[SourceDate "2023.10.10"]
[SourceVersion "1"]
[SourceVersionDate "2023.10.10"]
[SourceQuality "1"]

1. e4 c5 2. Nf3 e6 3. d4 cxd4 4. Nxd4 a6 5. Be3 Nf6 6. f3 Qc7 7. Nc3 Bb4 8. Qd2 d5 9. Nde2 dxe4 10. a3 Be7 11. fxe4 0-0 12. 0-0-0 Nbd7 13. h3 Nc5 14. Bxc5 Qxc5 15. g4 b5 16. Bg2 Bb7 17. Nf4 Rad8 18. Nd3 Qc7 19. Kb1 Nd7 20. Ne2 Nb6 21. Qa5 Rc8 22. Ne1 Rfd8 23. Rd3 Bf6 24. Rxd8+ Bxd8 25. b3 Qd7 26. e5 Qd1+ 27. Kb2 Bxg2 28. Nc3 Na4+ 29. Qxa4 bxa4 30. Nxd1 Bxh1 0-1

[Event "Hillerod Nordea Cup A"]
[Site "Hillerod"]
[Date "2014.04.29"]
[Round "2"]
[White "Pedersen, Christopher RNH"]
[Black "Tandrup, Michael"]
[Result "1-0"]
[WhiteElo "2059"]
[BlackElo "2011"]
[PlyCount "113"]
[EventDate "2014.04.29"]
[EventType "tourn"]
[EventRounds "7"]
[EventCountry "DEN"]
[SourceTitle "EXT 2024"]
[Source "ChessBase"]
[SourceDate "2023.10.10"]
[SourceVersion "1"]
[SourceVersionDate "2023.10.10"]
[SourceQuality "1"]

1. e4 e6 2. d4 d5 3. Nc3 dxe4 4. Nxe4 Nd7 5. Nf3 Ngf6 6. Bd3 Nxe4 7. Bxe4 Nf6 8. Bd3 c5 9. 0-0 Be7 10. a3 0-0 11. dxc5 Bxc5 12. b4 Be7 13. Ne5 Nd7 14. Ng4 Nf6 15. Ne3 Nd5 16. Bb2 Nxe3 17. fxe3 f5 18. Bc4 Qc7 19. Bb3 Bd6 20. Qh5 g6 21. Qh4 Be5 22. Bd4 Kg7 23. Rad1 Bf6 24. Bxf6+ Rxf6 25. Qd4 e5 26. Qd8 Qxd8 27. Rxd8 Rf8 28. Rfd1 b6 29. Rxf8 Kxf8 30. Rd8+ Ke7 31. Rh8 Kd6 32. Rd8+ Ke7 33. Rh8 Kd6 34. Rxh7 Be6 35. c4 Rc8 36. Rg7 Bxc4 37. Rxg6+ Kd5 38. Bc2 e4 39. Rg5 Ke5 40. Kf2 Be6 41. Bd1 Rc1 42. Ke2 Ra1 43. a4 Ra2+ 44. Ke1 a6 45. h4 Kf6 46. Rg3 Ra1 47. Kd2 Ra3 48. h5 Rd3+ 49. Kc1 Rd8 50. Rg6+ Ke5 51. h6 Re8 52. Kb2 a5 53. b5 Rd8 54. Bc2 Rh8 55. g3 Rd8 56. h7 Rh8 57. Rg7 1-0

[Event "Hillerod op"]
[Site "Hillerod"]
[Date "2014.??.??"]
[Round "4"]
[White "Pedersen, Christopher RNH"]
[Black "Kuhn, Morten"]
[Result "0-1"]
[WhiteElo "2071"]
[BlackElo "1856"]
[PlyCount "100"]
[EventDate "2014.08.26"]
[EventType "swiss"]
[EventRounds "7"]
[EventCountry "DEN"]
[SourceTitle "EXT 2024"]
[Source "ChessBase"]
[SourceDate "2023.10.10"]
[SourceVersion "1"]
[SourceVersionDate "2023.10.10"]
[SourceQuality "1"]

1. e4 e5 2. d4 exd4 3. Qxd4 Nc6 4. Qe3 Bb4+ 5. Bd2 Bxd2+ 6. Nxd2 Qf6 7. c3 Nge7 8. Ngf3 d6 9. Bb5 0-0 10. h4 a6 11. Ba4 b5 12. Bc2 Ne5 13. Nxe5 dxe5 14. 0-0-0 Qb6 15. Qg3 Ng6 16. h5 Nf4 17. Kb1 c5 18. h6 g6 19. Qh4 f6 20. g3 g5 21. Qh2 Ng6 22. f4 exf4 23. gxf4 Nxf4 24. e5 f5 25. Nf3 Qg6 26. Rd6 Ne6 27. Nxg5 Kh8 28. Nxe6 Bxe6 29. Rg1 Qf7 30. Rg7 Qe8 31. Qg2 Rg8 32. Rxe6 Qxe6 33. Qb7 Qxh6 34. Rxg8+ Rxg8 35. Bxf5 Rg1+ 36. Kc2 Qc1+ 37. Kb3 Qd1+ 38. Bc2 c4+ 39. Kb4 Qxc2 40. Qf7 Qxb2+ 41. Kc5 Qg2 42. e6 Qg8 43. Qf6+ Rg7 44. e7 Qc8+ 45. Kb4 a5+ 46. Kxa5 Qc7+ 47. Kxb5 Qxe7 48. Qf2 Qb7+ 49. Ka4 Qa6+ 50. Kb4 Rb7+ 0-1

[Event "Hillerod op"]
[Site "Hillerod"]
[Date "2014.??.??"]
[Round "7"]
[White "Petersen, Peter Birk"]
[Black "Pedersen, Christopher RNH"]
[Result "1/2-1/2"]
[WhiteElo "2135"]
[BlackElo "2071"]
[PlyCount "36"]
[EventDate "2014.08.26"]
[EventType "swiss"]
[EventRounds "7"]
[EventCountry "DEN"]
[SourceTitle "EXT 2024"]
[Source "ChessBase"]
[SourceDate "2023.10.10"]
[SourceVersion "1"]
[SourceVersionDate "2023.10.10"]
[SourceQuality "1"]

1. e4 c5 2. Nf3 Nc6 3. Nc3 e6 4. d4 cxd4 5. Nxd4 Nf6 6. Bf4 d6 7. Bg3 e5 8. Nb3 Be7 9. Be2 0-0 10. 0-0 Nxe4 11. Nxe4 f5 12. f3 fxe4 13. Qd5+ Kh8 14. fxe4 Rf6 15. Rxf6 gxf6 16. c3 Qg8 17. Bc4 Qxd5 18. Bxd5 f5 1/2-1/2

[Event "Nordea Cup-A"]
[Site "Hillerod"]
[Date "2013.06.18"]
[Round "7"]
[White "Poulsen, Morten"]
[Black "Pedersen, Christopher RNH"]
[Result "1-0"]
[WhiteElo "2045"]
[BlackElo "2042"]
[PlyCount "91"]
[EventDate "2013.04.30"]
[EventType "tourn"]
[EventRounds "7"]
[EventCountry "DEN"]
[SourceTitle "EXT 2018"]
[Source "ChessBase"]
[SourceDate "2017.10.13"]
[SourceVersion "1"]
[SourceVersionDate "2017.10.13"]
[SourceQuality "1"]

1. e4 c5 2. Nc3 g6 3. g3 Bg7 4. Bg2 h5 5. h3 d6 6. d3 Nc6 7. Be3 e6 8. Qd2 b5 9. Nxb5 Rb8 10. e5 Nxe5 11. Na3 Rxb2 12. f4 Nd7 13. Nc4 d5 14. Nxb2 Bxb2 15. Rb1 Qb6 16. Ne2 d4 17. Bf2 Ngf6 18. 0-0 0-0 19. c3 dxc3 20. Nxc3 Bxc3 21. Qxc3 Qd6 22. Rfd1 Nd5 23. Qb2 h4 24. Qd2 hxg3 25. Bxg3 N7f6 26. Bh2 Qa6 27. Qb2 Nh5 28. Qd2 Qa4 29. Re1 Ba6 30. Re4 Qd7 31. Rb3 Ndf6 32. Re1 Rd8 33. Qe3 Qa4 34. Qxc5 Qxa2 35. Ra3 Qd2 36. Qc1 Qxc1 37. Rxc1 Rxd3 38. Rxa6 Nd5 39. Bxd5 Rxd5 40. Rxa7 Rf5 41. Ra4 Kg7 42. Kg2 Rb5 43. Rac4 Kf6 44. Kf3 Ng7 45. Bg1 Rh5 46. Bd4+ 1-0

[Event "DEN-ch2A"]
[Site "Helsingor"]
[Date "2013.03.30"]
[Round "4"]
[White "Nilsson, Patrik"]
[Black "Pedersen, Christopher RNH"]
[Result "1-0"]
[WhiteElo "2060"]
[BlackElo "2049"]
[PlyCount "71"]
[EventDate "2013.03.28"]
[EventType "swiss"]
[EventRounds "5"]
[EventCountry "DEN"]
[SourceTitle "EXT 2014"]
[Source "ChessBase"]
[SourceDate "2013.11.20"]
[SourceVersion "1"]
[SourceVersionDate "2013.11.20"]
[SourceQuality "1"]

1. e4 c5 2. Nf3 Nc6 3. d4 cxd4 4. Nxd4 Nf6 5. Nc3 e5 6. Ndb5 d6 7. Bg5 a6 8. Na3 b5 9. Bxf6 gxf6 10. Nd5 f5 11. Bd3 Be6 12. 0-0 Bg7 13. Qh5 f4 14. c4 b4 15. Nc2 Rb8 16. g3 Bxd5 17. exd5 Ne7 18. Rae1 b3 19. axb3 Rxb3 20. Be4 Qc8 21. gxf4 Rh3 22. Qe2 Bh6 23. Bg2 Rg8 24. fxe5 Bf4 25. e6 Rxh2 26. exf7+ Kxf7 27. Qxe7+ Kg6 28. Re6+ Kh5 29. Qxh7+ Kg5 30. Qe7+ Kh5 31. Qf7+ Kg5 32. Qf6+ Kh5 33. Qf5+ Rg5 34. Qh7+ Kg4 35. f3+ Kg3 36. Qxh2# 1-0

[Event "Politiken Cup 34th"]
[Site "Helsingor"]
[Date "2012.08.05"]
[Round "10"]
[White "Pedersen, Christopher RNH"]
[Black "Colpe, Malte"]
[Result "0-1"]
[WhiteElo "2041"]
[BlackElo "2284"]
[PlyCount "68"]
[EventDate "2012.07.28"]
[EventType "swiss"]
[EventRounds "10"]
[EventCountry "DEN"]
[SourceTitle "CBM 149 Extra"]
[Source "ChessBase"]
[SourceDate "2012.08.24"]
[SourceVersion "1"]
[SourceVersionDate "2012.08.24"]
[SourceQuality "1"]

1. e4 c5 2. Nf3 d6 3. d4 cxd4 4. Nxd4 Nf6 5. Nc3 a6 6. Bg5 e6 7. f4 h6 8. Bh4 Qb6 9. Qd2 Qxb2 10. Rb1 Qa3 11. e5 dxe5 12. fxe5 g5 13. Bg3 Nh5 14. Ne4 Nd7 15. Rb3 Qxa2 16. Be2 Nxg3 17. hxg3 Be7 18. 0-0 Nc5 19. Nf6+ Bxf6 20. exf6 0-0 21. Rd1 Nxb3 22. Nxb3 Qa4 23. Qd6 Qc6 24. Qe7 Re8 25. Qa3 e5 26. Rd6 Qxc2 27. Bd3 Qd1+ 28. Kh2 Qh5+ 29. Kg1 e4 30. Bxe4 Bf5 31. g4 Qxg4 32. Bxf5 Qxf5 33. Qb4 a5 34. Qc3 Rac8 0-1

[Event "Politiken Cup 34th"]
[Site "Helsingor"]
[Date "2012.08.03"]
[Round "8"]
[White "Jacobsen, Fredrik Beer"]
[Black "Pedersen, Christopher RNH"]
[Result "1/2-1/2"]
[WhiteElo "1913"]
[BlackElo "2041"]
[PlyCount "55"]
[EventDate "2012.07.28"]
[EventType "swiss"]
[EventRounds "10"]
[EventCountry "DEN"]
[SourceTitle "CBM 149 Extra"]
[Source "ChessBase"]
[SourceDate "2012.08.24"]
[SourceVersion "1"]
[SourceVersionDate "2012.08.24"]
[SourceQuality "1"]

1. e4 c5 2. Nc3 g6 3. g3 Bg7 4. Bg2 d6 5. d3 Nc6 6. Be3 Nf6 7. Qc1 h5 8. Nge2 h4 9. f4 hxg3 10. hxg3 Rxh1+ 11. Bxh1 Ng4 12. Bg1 Nd4 13. Nxd4 cxd4 14. Ne2 e5 15. Bf3 exf4 16. Nxf4 Ne5 17. Be2 Qg5 18. Bf2 Bh6 19. Qd2 Nc6 20. 0-0-0 Bd7 21. Kb1 0-0-0 22. c3 dxc3 23. Qxc3 Qe5 24. Nd5 f5 25. Bxa7 Qxc3 26. Nb6+ Kc7 27. Nd5+ Kc8 28. Nb6+ 1/2-1/2

[Event "Politiken Cup 34th"]
[Site "Helsingor"]
[Date "2012.08.02"]
[Round "7"]
[White "Pedersen, Christopher RNH"]
[Black "Nielsen, Rogvi Egilstoft"]
[Result "0-1"]
[WhiteElo "2041"]
[BlackElo "2203"]
[PlyCount "92"]
[EventDate "2012.07.28"]
[EventType "swiss"]
[EventRounds "10"]
[EventCountry "DEN"]
[SourceTitle "CBM 149 Extra"]
[Source "ChessBase"]
[SourceDate "2012.08.24"]
[SourceVersion "1"]
[SourceVersionDate "2012.08.24"]
[SourceQuality "1"]

1. e4 e5 2. d4 exd4 3. Qxd4 Nc6 4. Qe3 Nf6 5. Bd2 b6 6. Nc3 Bb4 7. 0-0-0 0-0 8. Qg3 Re8 9. Bd3 Ne5 10. f4 Nxd3+ 11. cxd3 d6 12. h3 c5 13. Qf3 Bb7 14. Nge2 c4 15. Nd5 Bxd2+ 16. Rxd2 cxd3 17. Nec3 Nxd5 18. exd5 Ba6 19. g4 Qf6 20. Kb1 Rad8 21. h4 Re7 22. g5 Qf5 23. Rhd1 Rde8 24. Qf2 Re2 25. Qd4 Rxd2 26. Rxd2 Re1+ 27. Nd1 Qe4 28. Qxe4 Rxe4 29. Rf2 Bc4 30. Rf3 Rd4 31. Kc1 Bxd5 32. Rf2 Bxa2 33. Kd2 Be6 34. Nc3 Bf5 35. Nb5 Rd5 36. Nxa7 Bd7 37. b4 Kf8 38. Rf3 Ke7 39. Rxd3 Ke6 40. b5 Rxd3+ 41. Kxd3 Kd5 42. h5 h6 43. Ke3 f6 44. gxf6 gxf6 45. f5 Kc5 46. Kf4 d5 0-1

[Event "Politiken Cup 34th"]
[Site "Helsingor"]
[Date "2012.07.29"]
[Round "2"]
[White "Zude, Erik"]
[Black "Pedersen, Christopher RNH"]
[Result "1-0"]
[WhiteElo "2384"]
[BlackElo "2041"]
[PlyCount "147"]
[EventDate "2012.07.28"]
[EventType "swiss"]
[EventRounds "10"]
[EventCountry "DEN"]
[SourceTitle "CBM 149 Extra"]
[Source "ChessBase"]
[SourceDate "2012.08.24"]
[SourceVersion "1"]
[SourceVersionDate "2012.08.24"]
[SourceQuality "1"]

1. c4 e6 2. d4 Nf6 3. Nc3 d5 4. cxd5 exd5 5. Bg5 Be7 6. e3 c6 7. Qc2 Nbd7 8. Bd3 h6 9. Bh4 b6 10. Nf3 Bb7 11. 0-0 0-0 12. Rad1 Rc8 13. Rfe1 c5 14. Bf5 Ne4 15. Bxe7 Qxe7 16. Ne5 Nxe5 17. Bxc8 Rxc8 18. dxe5 Qxe5 19. Nxe4 dxe4 20. Rd7 Ba6 21. Rxa7 Bd3 22. Qb3 Qf6 23. Qc3 Qg5 24. Rd7 Rc6 25. Rxd3 Rg6 26. g3 exd3 27. Qxd3 Qf6 28. b3 h5 29. Rd1 Kh7 30. Qe4 Kh6 31. h3 h4 32. g4 Qe6 33. Qxe6 Rxe6 34. Rd7 Kg6 35. Kf1 Kf6 36. Ke2 Rc6 37. Rb7 Rd6 38. Rc7 g6 39. Ke1 Ke6 40. Ke2 f6 41. f4 Kd5 42. a4 g5 43. f5 b5 44. axb5 Rb6 45. Rd7+ Ke5 46. Kd3 Rxb5 47. Kc4 Ra5 48. Re7+ Kd6 49. Re6+ Kd7 50. Rxf6 Ra1 51. Kxc5 Rh1 52. Rf7+ Ke8 53. Rg7 Rxh3 54. Kd4 Rg3 55. Rxg5 h3 56. Rh5 Rxg4+ 57. Ke5 Rb4 58. Rxh3 Rxb3 59. Rh8+ Kf7 60. e4 Rb5+ 61. Kf4 Rb4 62. Rh7+ Kf6 63. Rh6+ Kg7 64. Ra6 Kf7 65. Ke5 Rb5+ 66. Kd4 Rb4+ 67. Kd5 Rb5+ 68. Kc4 Re5 69. Kd4 Rb5 70. e5 Rb4+ 71. Kd5 Rb7 72. Kd6 Re7 73. Rc6 Kf8 74. Rc8+ 1-0

[Event "Nordea Cup-A"]
[Site "Hillerod"]
[Date "2012.05.08"]
[Round "2"]
[White "Pedersen, Christopher RNH"]
[Black "Andersen, Ib Hother"]
[Result "1-0"]
[WhiteElo "2046"]
[BlackElo "2196"]
[PlyCount "61"]
[EventDate "2012.05.01"]
[EventType "tourn"]
[EventRounds "7"]
[EventCountry "DEN"]
[SourceTitle "EXT 2018"]
[Source "ChessBase"]
[SourceDate "2017.10.13"]
[SourceVersion "1"]
[SourceVersionDate "2017.10.13"]
[SourceQuality "1"]

1. e4 e6 2. d4 d5 3. Nc3 Bb4 4. e5 c5 5. a3 Bxc3+ 6. bxc3 Ne7 7. Qg4 Kf8 8. Bd3 Qa5 9. Bd2 Qa4 10. Nf3 c4 11. Be2 Qxc2 12. 0-0 Bd7 13. a4 Nbc6 14. Rfc1 Qf5 15. Qg3 Ng6 16. h4 f6 17. exf6 gxf6 18. h5 Nge7 19. Nh4 Qe4 20. Bf3 Qd3 21. Bh6+ Ke8 22. Qg7 Rg8 23. Qxf6 Kd8 24. Ra2 Kc7 25. Qf4+ Kb6 26. Qd6 Rad8 27. Rb2+ Ka6 28. a5 Bc8 29. Qc7 Rd7 30. Rb6+ Kxa5 31. Ra1# 1-0

[Event "Nordea Cup-A"]
[Site "Hillerod"]
[Date "2012.05.01"]
[Round "1"]
[White "Schou Moldt, Thomas"]
[Black "Pedersen, Christopher RNH"]
[Result "1-0"]
[WhiteElo "2210"]
[BlackElo "2046"]
[PlyCount "81"]
[EventDate "2012.05.01"]
[EventType "tourn"]
[EventRounds "7"]
[EventCountry "DEN"]
[SourceTitle "EXT 2018"]
[Source "ChessBase"]
[SourceDate "2017.10.13"]
[SourceVersion "1"]
[SourceVersionDate "2017.10.13"]
[SourceQuality "1"]

1. e4 c5 2. Nf3 d6 3. d4 cxd4 4. Nxd4 Nf6 5. Nc3 a6 6. a3 e6 7. f4 Qc7 8. Bd3 Nbd7 9. 0-0 Be7 10. g4 Nc5 11. g5 Nfd7 12. Be2 Nb6 13. a4 g6 14. a5 Nbd7 15. Ra3 b5 16. b4 Nb7 17. Bb2 Rg8 18. Bxb5 Nd8 19. Be2 e5 20. Nd5 Qa7 21. fxe5 dxe5 22. Rf2 exd4 23. Bxd4 Qb8 24. Nxe7 Kxe7 25. Bg4 Qb5 26. Bxd7 Qxd7 27. Bf6+ Ke8 28. Rd3 Qg4+ 29. Qxg4 Bxg4 30. Rfd2 Ne6 31. h3 Bh5 32. b5 axb5 33. a6 Be2 34. Rxe2 Rxa6 35. Red2 Ra8 36. Rd5 Rb8 37. Rd7 Rg7 38. Re7+ Kf8 39. Rdd7 Rc8 40. Bxg7+ Nxg7 41. Rxf7+ 1-0

[Event "DEN-chT 1112 50th"]
[Site "Denmark"]
[Date "2012.03.11"]
[Round "9.6"]
[White "Pedersen, Christopher RNH"]
[Black "Aabling Thomsen, Jakob"]
[Result "0-1"]
[WhiteElo "2078"]
[BlackElo "2324"]
[PlyCount "68"]
[EventDate "2011.10.29"]
[EventType "team-tourn"]
[EventRounds "9"]
[EventCountry "DEN"]
[SourceTitle "EXT 2013"]
[Source "ChessBase"]
[SourceDate "2012.11.22"]
[SourceVersion "1"]
[SourceVersionDate "2012.11.22"]
[SourceQuality "1"]
[WhiteTeam "Hillerod"]
[BlackTeam "Bronshoj"]
[WhiteTeamCountry "DEN"]
[BlackTeamCountry "DEN"]

1. e4 c5 2. Nc3 Nc6 3. g3 e6 4. Bg2 Nf6 5. Nge2 Be7 6. d4 cxd4 7. Nxd4 0-0 8. 0-0 Nxd4 9. Qxd4 d6 10. e5 dxe5 11. Qxe5 Qb6 12. Be3 Qa6 13. Rad1 Bd7 14. Rxd7 Nxd7 15. Qc7 Rad8 16. Rd1 b6 17. Rxd7 Rxd7 18. Qxd7 Bf6 19. Ne4 Bxb2 20. c3 Qxa2 21. Qd4 Qa3 22. Nf6+ gxf6 23. Bh6 Qa1+ 24. Bf1 Qb1 25. Qd6 Ra8 26. Qd2 Ba3 27. Kg2 Qf5 28. f3 Bf8 29. Be3 Qd5 30. Qc2 Rd8 31. c4 Qe5 32. Bf4 Qd4 33. Kh3 e5 34. Bc1 Qd1 0-1